[Event "Landesliga U20 Nord 1617"]
[Site "Bayern"]
[Date "2017.01.21"]
[Round "4.2"]
[White "Helsper, Daniel"]
[Black "Baumgaertel, Laura Maria"]
[Result "0-1"]
[WhiteElo "1569"]
[BlackElo "1573"]
[PlyCount "56"]
[EventDate "2016.11.12"]
[EventType "team-tourn"]
[EventRounds "7"]
[EventCountry "GER"]
[SourceTitle "EXT 2022"]
[Source "ChessBase"]
[SourceDate "2021.10.06"]
[SourceVersion "1"]
[SourceVersionDate "2021.10.06"]
[SourceQuality "1"]
[WhiteTeam "Allersberger SC U20"]
[BlackTeam "Schwandorf U20"]
[WhiteTeamCountry "GER"]
[BlackTeamCountry "GER"]

1. e4 e6 2. Qe2 Be7 3. f4 d5 4. exd5 exd5 5. Nf3 Nf6 6. d3 0-0 7. Qf2 Na6 8. h3 Bc5 9. Be3 Bxe3 10. Qxe3 Re8 11. Ne5 Nb4 12. Qf2 Nd7 13. Kd2 Nxe5 14. fxe5 Rxe5 15. Qf4 Nc6 16. g4 Qd6 17. Nc3 d4 18. Qf2 dxc3+ 19. bxc3 Bd7 20. Bg2 b6 21. Rhf1 Rf8 22. Be4 Rxe4 23. Qf3 Re7 24. Rf2 f5 25. Raf1 Ref7 26. h4 Qh6+ 27. Kd1 Qxh4 28. Qd5 Qxg4+ 0-1

[Event "Landesliga U20 Nord 1516"]
[Site "Bayern"]
[Date "2015.12.19"]
[Round "3.2"]
[White "Helsper, Daniel"]
[Black "Gerhard, Simon"]
[Result "1/2-1/2"]
[WhiteElo "1426"]
[BlackElo "1682"]
[PlyCount "33"]
[EventDate "2015.11.21"]
[EventType "team-tourn"]
[EventRounds "7"]
[EventCountry "GER"]
[SourceTitle "EXT 2022"]
[Source "ChessBase"]
[SourceDate "2021.10.06"]
[SourceVersion "1"]
[SourceVersionDate "2021.10.06"]
[SourceQuality "1"]
[WhiteTeam "Allersberger SC U20"]
[BlackTeam "Stetten U20"]
[WhiteTeamCountry "GER"]
[BlackTeamCountry "GER"]

1. e4 e6 2. Qe2 d5 3. exd5 Qxd5 4. Nc3 Qd8 5. Nf3 Nf6 6. d4 Nc6 7. Bg5 Bb4 8. Rd1 0-0 9. Qc4 a6 10. Ne5 Bxc3+ 11. Qxc3 Na7 12. Qh3 c5 13. Bd3 h5 14. Bxf6 Qxf6 15. Qxh5 g6 16. Qf3 Qxf3 17. Nxf3 1/2-1/2